00529nam a2200157Ia 450000500170000000800410001708200140005810000180007224500430009026000330013330000190016650000720018594200060025795200930026399900150035620241220015200.0240331s9999 xx 000 0 und d bGOOa828  aGooneratne, Y 0aEnglish literature in Ceylon 1815-1878 aDehiwalabTisara Pressc1968 aXvii, 234 p ., athe study of the English literature of 19th century Ceylon involves cL 001040708LaWERCLbWERCLcSSCd2024-03-31l0o 828 GOOp73r2024-03-31w2024-03-31yL c3405d3405